000 00316nam a22001217a 4500
999 _c12886
_d12886
020 _a9789694481098
082 _a330.03
100 _aHafiz Muhammad Yasin & Khan Atiq-uz-Zafar
245 _aFundamentals of Islamic Economics and Finance
260 _aPakistan
_bIPS Press
_c2019
300 _a556 pages
942 _cBK